Country divisions by two-letter codes Quiz Stats

 Plays Quiz not verified by Sporcle

Challenge
Share
Tweet
Score 0/209 Timer 20:00
0 Plays Today
Abbreviation and country Division % Correct
AB (Canada)Alberta
85%
AL (USA-Italy-Brazil)Alabama - Alessandria -Alagoas
85%
AK (USA)Alaska
85%
AR (USA-Switzerland-Italy-Spain-India) Arkansas - Appenzell Ausserrhoden - Arezzo - Aragón - Arunachal Pradesh
80%
CA (USA-Italy)California - Cagliari
80%
CO (USA-Italy)Colorado - Como
80%
CT (USA-Italy-Spain-India)Connecticut - Catania - Catalunya - Chhattisgarh
80%
DE (USA)Delaware
80%
ID (USA)Idaho
80%
IL (USA)Illinois
80%
AZ (USA)Arizona
80%
FL (USA-Netherlands)Florida - Flevoland
75%
GA (USA-Spain-India)Georgia - Galicia - Goa
75%
IA (USA)Iowa
75%
HI (USA)Hawaii
75%
IN (USA)Indiana
75%
KS (USA)Kansas
75%
KY (USA)Kentucky
75%
LA (USA)Louisiana
75%
MA (USA-Brazil)Massachusetts - Maranhão
75%
MS (USA-Italy-Brazil)Mississippi - Massa-Carrara - Mato Grosso do Sul
75%
MD (USA-Spain)Maryland - Madrid
75%
ME (USA-Italy)Maine - Messina
75%
NC (USA-Spain)North Carolina - Navarra
75%
NE (USA-Switzerland)Nebraska - Neuchâtel
75%
NM (USA)New Mexico
75%
NY (USA)New York
75%
ON (Canada)Ontario
75%
PA (USA-Italy-Brazil)Pennsylvania - Palermo - Pará
75%
OR (USA-Italy-India)Oregon - Oristano - Orissa
75%
RI (USA-Italy-Spain)Rhode Island - Rieti - La Rioja
75%
NH (USA-Netherlands)New Hampshire - Noord-Holland
75%
SD (USA)South Dakota
75%
OH (USA)Ohio
75%
NV (USA)Nevada
75%
ND (USA)North Dakota
75%
OK (USA)Oklahoma
75%
BC (Canada)British Columbia
70%
MB (Canada-Italy)Manitoba - Monza e Brianza
70%
MI (USA-Italy)Michigan - Milano
70%
MO (USA-Italy)Missouri - Modena
70%
MN (USA-Italy-India)Minnesota - Mantova - Manipur
70%
MT (USA-Italy-Brazil)Montana - Matera - Mato Grosso
70%
NJ (USA)New Jersey
70%
AN (Italy-Spain)Ancona - Andalucía
70%
SC (USA-Brazil)South Carolina - Santa Catarina
70%
QC (Canada)Quebec
70%
UT (USA-Netherlands-India)Utah - Utrecht - Uttarakhand
70%
BE (Germany-Switzerland)Berlin - Bern
65%
NB (Canada-Netherlands)New Brunswick - Noord-Brabant
65%
NL (Canada-India)Newfoundland and Labrador - Nagaland
65%
NS (Canada)Nova Scotia
65%
TN (USA-Italy-India)Tennessee - Trento - Tamil Nadu
65%
TX (USA)Texas
65%
VA (USA-Italy)Virginia - Varese
65%
VT (USA-Italy)Vermont - Viterbo
65%
BY (Germany)Bayern
60%
NU (Canada-Italy)Nunavut - Nuoro
60%
PE (Canada-Italy-Brazil)Prince Edward Island - Pescara -Pernambuco
60%
SK (Canada-India)Saskatchewan - Sikkim
60%
AO (Italy)Aosta
60%
WA (USA)Washington
60%
WV (USA)West Virginia
60%
WY (USA)Wyoming
60%
WI (USA)Wisconsin
60%
AS (Spain-India)Asturias - Assam
55%
BA (Italy-Brazil)Bari -Bahia
55%
EX (Spain)Extremadura
55%
GE (Switzerland-Netherlands-Italy)Geneva - Gelderland - Genova
50%
HE (Germany)Hessen
50%
Abbreviation and country Division % Correct
LU (Switzerland-Italy)Luzern - Lucca
50%
NT (Canada)Northwest Territories
50%
RM (Italy)Roma
50%
RJ (India-Brazil)Rajasthan - Rio de Janeiro
50%
SP (Italy-Brazil)La Spezia - São Paulo
50%
ZH (Switzerland-Netherlands)Zürich - Zuid-Holland
50%
YT (Canada)Yukon
50%
UP (India)Uttar Pradesh
50%
BW (Germany)Baden-Württemberg
45%
GR (Switzerland-Netherlands-Italy)Graubünden - Groningen - Grosseto
45%
HH (Germany)(Hansestadt) Hamburg
45%
PI (Italy-Brazil)Pisa - Piauí
45%
CB (Italy-Spain)Campobasso - Cantabria
45%
LE (Italy)Lecce
45%
NA (Italy)Napoli
45%
AM (Brazil)Amazonas
40%
BS (Switzerland-Italy)Basel-Stadt - Brescia
40%
NW (Germany-Switzerland)Nordrhein-Westfalen - Nidwalden
40%
PD (Italy)Padova
40%
RA (Italy)Ravenna
40%
LI (Netherlands-Italy)Limburg - Livorno
40%
SA (Italy)Salerno
40%
AQ (Italy)L'Aquila
40%
BR (Italy-India)Brindisi - Bihar
40%
UD (Italy)Udine
40%
IB (Spain)Illes Balears
40%
KA (India)Karnataka
40%
KL (India)Kerala
40%
GJ (India)Gujarat
40%
MH (India)Maharashtra
40%
AC (Brazil)Acre
35%
AP (Italy-India-Brazil)Ascoli Piceno - Andhra Pradesh - Amapá
35%
BL (Switzerland-Italy)Basel-Landschaft - Belluno
35%
ES (Brazil)Espírito Santo
35%
MV (Germany)Mecklenburg-Vorpommern
35%
PB (India-Brazil)Punjab - Paraíba
35%
PG (Italy)Perugia
35%
RP (Germany)Rheinland-Pfalz
35%
OV (Netherlands)Overijssel
35%
MG (Brazil)Minas Gerais
35%
SH (Germany-Switzerland)Schleswig-Holstein - Schaffhausen
35%
SN (Germany)Sachsen
35%
BO (Italy)Bologna
35%
TO (Italy-Brazil)Torino - Tocantins
35%
TH (Germany-Switzerland)Thüringen - Thurgau
35%
VE (Italy)Venezia
35%
MC (Italy-Spain)Macerata - Murcia
35%
FI (Italy)Firenze
35%
ZE (Netherlands)Zeeland
35%
HR (India)Haryana
35%
HP (India)Himachal Pradesh
35%
BZ (Italy)Bolzano
35%
CR (Italy)Cremona
35%
VR (Italy)Verona
35%
AG (Switzerland-Italy)Aargau - Agrigento
30%
BB (Germany)Brandenburg
30%
GO (Italy-Brazil)Gorizia -Goiás
30%
JU (Switzerland)Jura
30%
CN (Italy-Spain)Cuneo - Canarias
30%
SG (Switzerland)Sankt Gallen
30%
SL (Germany)Saarland
30%
TI (Switzerland)Ticino
30%
VC (Italy-Spain)Vercelli - (Comunidad) Valenciana
30%
VD (Switzerland)Vaud
30%
ZG (Switzerland)Zug
30%
FG (Italy)Foggia
30%
WB (India)West Bengal
30%
MP (India)Madhya Pradesh
30%
MZ (India)Mizoram
30%
AI (Switzerland)Appenzell Innerrhoden
25%
Abbreviation and country Division % Correct
CE (Italy-Brazil)Caserta - Ceará
25%
FR (Switzerland-Netherlands-Italy)Fribourg - Fryslân - Frosinone
25%
GL (Switzerland) Glarus
25%
HB (Germany)(Hansestadt) Bremen
25%
NI (Germany)Niedersachsen
25%
RE (Italy)Reggio nell'Emilia
25%
RN (Italy-Brazil)Rimini - Rio Grande do Norte
25%
RR (Brazil)Roraima
25%
RS (Brazil)Rio Grande do Sul
25%
DR (Netherlands)Drenthe
25%
SE (Brazil)Sergipe
25%
ST (Germany)Sachsen-Anhalt
25%
SZ (Switzerland)Schwyz
25%
BG (Italy)Bergamo
25%
CL (Italy-Spain)Caltanissetta - Castilla y León
25%
TR (Italy-India)Terni - Tripura
25%
UR (Switzerland)Uri
25%
VI (Italy)Vicenza
25%
VS (Switzerland-Italy)Valais - Medio Campidano
25%
CM (Spain)Castilla-La Mancha
25%
FE (Italy)Ferrara
25%
JK (India)Jammu and Kashmir
25%
JH (India)Jharkhand
25%
ML (India)Meghalaya
25%
OW (Switerland)Obwalden
20%
PR (Italy-Brazil)Parma - Paraná
20%
PV (Italy-Spain)Pavia - País Vasco
20%
RC (Italy)Reggio di Calabria
20%
RO (Italy-Brazil)Rovigo - Rondônia
20%
SI (Italy)Siena
20%
SO (Switzerland-Italy)Solothurn - Sondrio
20%
NO (Italy)Novara
20%
TA (Italy)Taranto
20%
TS (Italy)Trieste
20%
RG (Italy)Ragusa
15%
LT (Italy)Latina
15%
LC (Italy)Lecco
15%
BI (Italy)Biella
15%
AV (Italy)Avellino
15%
TE (Italy)Teramo
15%
CH (Italy)Chieti
15%
LO (Italy)Lodi
15%
PC (Italy)Piacenza
10%
PN (Italy)Pordenone
10%
PT (Italy)Pistoia
10%
PO (Italy)Prato
10%
PU (Italy)Pesaro e Urbino
10%
PZ (Italy)Potenza
10%
SR (Italy)Siracusa
10%
SS (Italy)Sassari
10%
SV (Italy)Savona
10%
OG (Italy)Ogliastra
10%
OT (Italy)Olbia-Tempio
10%
IM (Italy)Imperia
10%
IS (Italy)Isernia
10%
AT (Italy)Asti
10%
TP (Italy)Trapani
10%
TV (Italy)Treviso
10%
KR (Italy)Crotone
10%
EN (Italy)Enna
10%
FM (Italy)Fermo
10%
BT (Italy)Barletta-Andria-Trani
10%
BN (Italy)Benevento
10%
CI (Italy)Carbonia-Iglesias
10%
CZ (Italy)Catanzaro
10%
CS (Italy)Cosenza
10%
FC (Italy)Forlì-Cesena
10%
VB (Italy)Verbano-Cusio-Ossola
10%
VV (Italy)Vibo Valentia
10%

You're not logged in!

Compare scores with friends on all Sporcle quizzes.
Join for Free
OR
Log In

You Might Also Like...

Show Comments

Extras

Top Quizzes Today


Score Distribution

Your Account Isn't Verified!

In order to create a playlist on Sporcle, you need to verify the email address you used during registration. Go to your Sporcle Settings to finish the process.

Report this User

Report this user for behavior that violates our Community Guidelines.

Details: